00469 a2200145 450000500170000002000180001708200240003510000150005924500360007425000130011026000290012330000690015270000190022185600830024020250605160547.0 a0-324-22502-4 aTEA LECT 658.15 BES aBESLEY, S. aEssential of Managerial Finance a13th Ed. aLondon,bThomson,c2005. axxiv, 808p.: ill.; figure, graph, picture, table.bIndex.c27cm. aBRIGHAM, E. F. yAccess online bookfEssential of Managerial Financedhttp://www.swlearning.com